书目信息 |
| 题名: |
中外传统民居
|
|
| 作者: | 荆其敏 , 张丽安 著 | |
| 分册: | ||
| 出版信息: | 天津 百花文艺出版社 2004 |
|
| 页数: | 12,594页 | |
| 开本: | 21cm | |
| 丛书名: | ||
| 单 册: | ||
| 中图分类: | TU241.5 | |
| 科图分类: | ||
| 主题词: | 民居--简介--世界 | |
| 电子资源: | ||
| ISBN: | 7-5306-3780-0 | |
| 000 | 00810nam0 2200241 45 | |
| 001 | 0900000005257 | |
| 005 | 20060104163456.51 | |
| 010 | @a7-5306-3780-0@dCNY32.00 | |
| 092 | @aCN | |
| 100 | @a20040611d2004 em y0chiy0110 ea | |
| 101 | 0 | @achi |
| 102 | @aCN@b120000 | |
| 105 | @aa az 000yy | |
| 200 | 1 | @a中外传统民居@Azhong wai chuan tong min ju@f荆其敏,张丽安著@FJing Qi Min,Zhang Li An Zhu |
| 210 | @a天津@c百花文艺出版社@d2004 | |
| 215 | @a12,594页@c图@d21cm | |
| 330 | @a本书介绍了生态家屋、石头的家、木头的家、竹木的家、苇草的家、地下的家、土中的家、游动的家、装饰的家、现代的家、大师设计的家以及传统家屋设计十二章内容。 | |
| 606 | 0 | @a民居@x简介@y世界 |
| 690 | @aTU241.5@v4 | |
| 701 | 0 | @a荆其敏@4著 |
| 701 | 0 | @a张丽安@4著 |
| 801 | 0 | @aCN@bCXYBOOK@c20060104 |
| 905 | @a10447@dTU241.5@e179 | |
| 中外传统民居/荆其敏,张丽安著.-天津:百花文艺出版社,2004 |
| 12,594页:图;21cm |
| ISBN 7-5306-3780-0:CNY32.00 |
| 本书介绍了生态家屋、石头的家、木头的家、竹木的家、苇草的家、地下的家、土中的家、游动的家、装饰的家、现代的家、大师设计的家以及传统家屋设计十二章内容。 |
| ● |
| 相关链接 |
|
|
|
|
正题名:中外传统民居
索取号:TU241.5/179
 
预约/预借
| 序号 | 登录号 | 条形码 | 馆藏地/架位号 | 状态 | 备注 |
| 1 | 0353755 | 3537550 | 第二样本阅览室/ [索取号:TU241.5/179] | 在馆 | |
| 2 | 0373649 | 203736494 | 第三借阅区/ [索取号:TU241.5/179] | 在馆 | |
| 3 | 0373650 | 203736500 | 第三借阅区/ [索取号:TU241.5/179] | 在馆 | |
| 4 | 0373651 | 203736519 | 第三借阅区/ [索取号:TU241.5/179] | 在馆 | |
| 5 | 0373652 | 203736528 | 第三借阅区/ [索取号:TU241.5/179] | 在馆 | |
| 6 | 0373653 | 203736537 | 第三借阅区/ [索取号:TU241.5/179] | 在馆 |